| 000 | 00815nam a2200265Ia 4500 | ||
|---|---|---|---|
| 003 | OSt | ||
| 005 | 20220927110352.0 | ||
| 006 | a|||||r|||| 00| 0 | ||
| 007 | ta | ||
| 008 | 220926b |||||||| |||| 00| 0 eng d | ||
| 024 | _a59369 | ||
| 037 | _cReports | ||
| 040 |
_aRTL _cRTL _beng |
||
| 041 |
_2eng _aeng |
||
| 082 | _a"X:(G:55)p1,N72, L4" | ||
| 100 |
_aHeggie Ian G _9376891 |
||
| 111 |
_aConference on Urbanisation and Environment (1972 : Copenhagen) _9376892 |
||
| 245 | 0 | _aManagement of water quality and the environment | |
| 260 |
_aLondon _bMacmillan U. K. _c1974 |
||
| 300 |
_a"xx, 305p." _ccm. |
||
| 650 | _aEnvironmental Economics | ||
| 700 |
_a Rothenberg J Ed. _9376893 |
||
| 942 |
_h"X:(G:55)p1,N72, L4" _cCC |
||
| 999 |
_c695914 _d695914 |
||